Business Law (Record no. 722)
[ view plain ]
| 005 - DATE AND TIME OF LATEST TRANSACTION | |
|---|---|
| control field | 20250317073058.0 |
| 020 ## - INTERNATIONAL STANDARD BOOK NUMBER | |
| International Standard Book Number | 9987 8988-1-5 |
| 082 ## - DEWEY DECIMAL CLASSIFICATION NUMBER | |
| Classification number | 346.07 MWA |
| 100 ## - MAIN ENTRY--PERSONAL NAME | |
| Author name | MWAKAJINGA, J. E. |
| 245 ## - TITLE STATEMENT | |
| Title | Business Law |
| 250 ## - EDITION STATEMENT | |
| Edition statement | Volume 1 |
| 260 ## - PUBLICATION, DISTRIBUTION, ETC. | |
| Place of publication, distribution, etc. | Dar Es Salaam |
| Name of publisher, distributor, etc. | Banyakajinga Elimu Establishments |
| Date of publication, distribution, etc. | 2005 |
| 300 ## - PHYSICAL DESCRIPTION | |
| Extent | xlvi, 456p.: ill.; table |
| Other physical details | Index |
| Dimensions | 20cm. |
| 942 ## - ADDED ENTRY ELEMENTS (KOHA) | |
| Source of classification or shelving scheme | Dewey Decimal Classification |
| Koha item type | Books |
| Date last seen | Total checkouts | Full call number | Barcode | Cost, replacement price | Price effective from | Koha item type | Lost status | Source of classification or shelving scheme | Damaged status | Not for loan | Withdrawn status | Home library | Current library | Shelving location | Date acquired | Cost, normal purchase price |
|---|---|---|---|---|---|---|---|---|---|---|---|---|---|---|---|---|
| 03/17/2025 | 346.07 MWA | 0000002883 | 90000.00 | 03/17/2025 | Books | Dewey Decimal Classification | College of Business Education Main Library | College of Business Education Main Library | General Collection | 03/17/2025 | 30000.00 | |||||
| 03/17/2025 | 346.07 MWA | 0000002884 | 90000.00 | 03/17/2025 | Books | Dewey Decimal Classification | College of Business Education Main Library | College of Business Education Main Library | Special Reserve Collection | 03/17/2025 | 30000.00 | |||||
| 03/17/2025 | 346.07 MWA | 0000002906 | 90000.00 | 03/17/2025 | Books | Dewey Decimal Classification | College of Business Education Main Library | College of Business Education Main Library | General Collection | 03/17/2025 | 30000.00 | |||||
| 04/30/2025 | LECT 346.07 MWA | 0000007198 | 90000.00 | 04/30/2025 | Books | Dewey Decimal Classification | College of Business Education Main Library | College of Business Education Main Library | General Collection | 12/15/2005 | 30000.00 | |||||
| 05/06/2025 | LECT 346.07 MWA | 0000007747 | 90000.00 | 05/06/2025 | Books | Dewey Decimal Classification | College of Business Education Main Library | College of Business Education Main Library | General Collection | 12/15/2005 | 30000.00 | |||||
| 05/26/2025 | LECT 346.07 MWA | 0000009874 | 90000.00 | 05/26/2025 | Books | Dewey Decimal Classification | College of Business Education Main Library | College of Business Education Main Library | General Collection | 12/05/2005 | 30000.00 |
